000 00893nam0a22002411i 4500
001 rc\689183
005 20240723214529.0
035 _a(NLR Aleph) 005925975
090 _a6527419
_c6527419
100 _a20031121d1985 u |0rusy50 ca
101 0 _arus
102 _aRU
105 _ay |||||||||
200 1 _aСоциалистический реализм на современном этапе
_e(На материале сов. лит. 60-80-х гг.)
_eАвтореф. дис. на соиск. учен. степ. д-ра филол. наук
_e(10.01.08)
210 _aМ.
_d1985
215 _a35 с.
300 _aВ надзаг.: МГУ им. М.В. Ломоносова, Филол. фак.
320 _aБиблиогр.: с. 33-35 (14 назв.)
700 0 _aДо Суан Ха
801 0 _aRU
_bNLR
_gpsbo
801 1 _aRU
_bELAR
_2rusmarc
852 _aNLR
_j86-6/1435
942 _cBOOK